000 01308nas a2200385 i 4500
001 196124
003 RBPG
005 20260623114034.0
008 240813c19639999sp mryp 0 0 0spa d
017 _aM 16516-1963
022 0 _a1131-9240
035 _aBPC 0128262
040 _aBPC
_bglg
_cES-MaACL
080 _a639.2(05)
222 0 _aMar
_b(Madrid)
245 1 0 _aMar /
_cInstituto Social de la Marina.
246 1 0 _aHoja del mar
260 _aMadrid :
_bInstituto Social de la Marina,
_c[1963]-
300 _av. ;
_c29 cm.
310 _aMensual
336 _2rdacontent
_atexto
337 _2rdamedia
_asin mediación
338 _2rdacarrier
_avolumen
500 _aTíttulo tomado de la cubierta
588 _aDescripción basada en: n. 626 (sept. 2022)
650 7 _aPesca
_9136688
655 7 _9226866
_aRevistas
710 2 _aInstituto Social de la Marina (España)
_95235
852 _aES-MaACL
_cHEM
_jHEM-H-513
_hDonación: Editorial
_zRevista viva
_zCasillero actual: Cª 31
_9203951
856 4 _3https://dialnet.unirioja.es/buscar/revistas?querysDismax.REVISTA_TODO=+Mar+Instituto+Social+de+la+Marina&
_ySumario en Dialnet
866 _o(2022-2023)-2024-2025-2026-
942 _cPERIODICA
_n0
955 _bVerónica Torres Díaz
999 _c196124
_d196124